Histoire du drapeau de l'Irak - Statistiques

Statistiques générales
  • Ce quiz a été pris 35 fois
    4 depuis la dernière actualisation
  • Le résultat moyen est 12 sur 18
Statistiques - réponses
Hint Réponse % Correct
Quatrième drapeau de l'empire Ottoman (1844-1920)
100%
Premier drapeau de l'empire Ottoman (1516-1517)
100%
Califat Omeyyades (661-750)
100%
Irak (drapeau actuel depuis 2008)
100%
Troisième drapeau de l'empire Ottoman (1793-1844)
75%
Empire (-63 - 395)
75%
Mandat britannique de Mésopotamie (1920-1932) et Royaume d'Irak (1932-1958)
75%
Empire Sassanides (395-651)
75%
Deuxième drapeau de l'empire Ottoman (1517-1793)
50%
Ilkhanat de Perse (1291-1335) et dynastie des Djalayirides (1335-1432)
50%
Gouvernement intermédiaire Irakien (2004-2005) et Quatrième drapeau de la république d'Irak (2005-2008)
50%
Dynastie des Séfévides (1507-1516)
50%
Empire Timouride (1432-1507)
50%
Deuxième drapeau de la république d'Irak (1963-1991)
50%
Fédération arabe d'Irak et de Jordanie (1958)
50%
Califat Rachidun (651-661) et califat Abbasside (750-1291)
50%
Premier drapeau de la république d'Irak (1958-1963)
50%
Troisième drapeau de la république d'Irak (1991-2003) et autorité provisoire de la coalition (2003-2004)
25%
Aucun quiz correspondant
Distribution des résultats
% des personnes avec chaque résultat
Percentile par nombre de réponses
Votre historique - résultats
Vous n’avez pas pris ce quiz depuis la dernière actualisation